| 000 | 01733cam a2200289 4500 | ||
|---|---|---|---|
| 001 | E10669 | ||
| 008 | 020131n2002 000 0 eng u | ||
| 022 | _a1354-506X | ||
| 035 | _a(Sirsi) u119271 | ||
| 041 | _aeng | ||
| 050 |
_a692.8 _c18 |
||
| 100 | _aHughes, Will | ||
| 245 |
_aConstruction contract policy _bdo we mean what we say? |
||
| 260 |
_aLondon _bRICS Foundation _c2002 |
||
| 300 |
_a25p. _c30cm. |
||
| 490 |
_aRICS Foundation Research Papers _v4(12) |
||
| 520 | _aThe authors set out to ascertain how people in the construction industry feel about the way that contracts should be drafted, and whether they support current moves towards innovative working practices. While everybody readily agrees with the basic sentiments that lie behind these changes, the research demonstrated that many people disagree at a fundamental level with the kind of contract practices that would be required to implement them. Particularly problematic are changes in culture and attitude called for in key reports, such as the Latham Report, in recent years. The study shows that there is still much to be done to align current practice with lofty aspirations. [Taken from website]. | ||
| 520 | _aAvailable to download, by subscription or one-off payment, at www.rics-foundation.org. RICS members may also view the research via the public access terminals in the RICS Library - please ask Library Staff for details. | ||
| 650 | _aCONTRACT MANAGEMENT | ||
| 650 | _aLATHAM REFORMS | ||
| 650 | _aNEW ENGINEERING CONTRACT | ||
| 650 | _aPARTNERSHIPS | ||
| 690 | _aBUILT ENVIRONMENT-BUILDING CONTRACT FORMS | ||
| 700 | _aMaeda, Yasuyoshi | ||
| 710 |
_aRoyal Institution of Chartered Surveyors _bFoundation _94173 |
||
| 942 | _n0 | ||
| 999 |
_c102279 _d102279 |
||